| 000 | 00683nam a22002057a 4500 | ||
|---|---|---|---|
| 999 |
_c166000 _d166000 |
||
| 005 | 20190709171417.0 | ||
| 010 | _aENG-125872 | ||
| 020 |
_a9789384726614 _c1595.00 |
||
| 035 | _aEN-109404 | ||
| 037 | _bDBAD/PUB | ||
| 082 | _a001.553 | ||
| 100 | _aTripathy, B.K. | ||
| 245 |
_aComputer graphics / _cby B.K.Tripathy [and] Chandra Mouli P.V.S.S.R. |
||
| 260 |
_aNew Delhi _bAne Books _c2018 |
||
| 270 |
_a4821, Parwana Bhawan, 1st Floor, 24 Ansari Road, Daryaganj _bNew Delhi _e110002 _k011-23276843-44 _mkapoor@anebooks.com |
||
| 300 |
_ax,310p. _c24cm(Hb) |
||
| 500 | _aIncludes index | ||
| 700 | _aChandra Mouli P.V.S.S.R. | ||
| 942 |
_2ddc _cEN _h001.553 _mTRI |
||